000 00251nam a2200097Ia 4500
082 _aEJF THOR
245 0 _aThe nanny nightmare
100 _a THORPE, Kiki New York, [c.2009]
_994397
942 _cBK
008 210817s9999 xx 000 0 und d
999 _c386473
_d386472